[Event "Qatar Masters op-B"]
[Site "Doha"]
[Date "2024.12.04"]
[Round "2"]
[White "Akramov, Khusan"]
[Black "Achour, Mohamed Anis"]
[Result "0-1"]
[WhiteElo "1760"]
[BlackElo "2051"]
[PlyCount "48"]
[EventDate "2024.12.03"]
[EventType "swiss"]
[EventRounds "9"]
[EventCountry "QAT"]
[SourceTitle "CB51_2024"]
[SourceDate "2024.12.18"]
[SourceVersion "1"]
[SourceVersionDate "2024.12.18"]
[SourceQuality "1"]

1. e4 e5 2. Nf3 Nc6 3. Nc3 Nf6 4. d4 exd4 5. Nxd4 Bb4 6. Nxc6 bxc6 7. Bd3 d5 8. exd5 0-0 9. 0-0 Bg4 10. Ne2 cxd5 11. c4 dxc4 12. Bxc4 Qxd1 13. Rxd1 Bc5 14. h3 Bh5 15. g4 Bg6 16. Kg2 Bc2 17. Rd2 Ba4 18. b3 Bc6+ 19. f3 Rad8 20. Rc2 Rfe8 21. Bf4 Bb6 22. a4 Nd5 23. Bxd5 Bxd5 24. g5 Bxb3 0-1

[Event "Wch U10"]
[Site "Montesilvano"]
[Date "2024.11.26"]
[Round "11"]
[White "Akramov, Khusan"]
[Black "Gusev, Daniil Den"]
[Result "0-1"]
[WhiteElo "1782"]
[BlackElo "1863"]
[PlyCount "62"]
[EventDate "2024.11.15"]
[EventType "swiss"]
[EventRounds "11"]
[EventCountry "ITA"]
[SourceTitle "CB48_2024"]
[SourceDate "2024.11.28"]
[SourceVersion "1"]
[SourceVersionDate "2024.11.28"]
[SourceQuality "1"]

1. e4 c5 2. Nf3 a6 3. c4 e6 4. d4 cxd4 5. Nxd4 Nf6 6. Nc3 Qc7 7. Be3 b6 8. Be2 Bb7 9. f3 Bd6 10. g3 h5 11. a3 Be7 12. 0-0 h4 13. Bf2 hxg3 14. Bxg3 Bd6 15. Kg2 Bxg3 16. hxg3 Nc6 17. b4 Ne5 18. Rc1 Ng6 19. c5 Nh5 20. Qe1 Nhf4+ 21. gxf4 Nxf4+ 22. Kg1 Qe5 23. Qd2 Qg5+ 24. Kf2 Rh2+ 25. Ke3 Qh6 26. Rcd1 Nxe2+ 27. f4 Nxf4 28. Nf5 Nd5+ 29. Kf3 Qh3+ 30. Ng3 Rxd2 31. Rxd2 Nxc3 0-1

[Event "Wch U10"]
[Site "Montesilvano"]
[Date "2024.11.24"]
[Round "9"]
[White "Akramov, Khusan"]
[Black "Andre, Tomas"]
[Result "0-1"]
[WhiteElo "1782"]
[BlackElo "1928"]
[PlyCount "130"]
[EventDate "2024.11.15"]
[EventType "swiss"]
[EventRounds "11"]
[EventCountry "ITA"]
[SourceTitle "CB48_2024"]
[SourceDate "2024.11.28"]
[SourceVersion "1"]
[SourceVersionDate "2024.11.28"]
[SourceQuality "1"]

1. e4 Nf6 2. e5 Nd5 3. d4 d6 4. c4 Nb6 5. f4 dxe5 6. fxe5 Bf5 7. Nc3 e6 8. Nf3 Bb4 9. Be3 c5 10. dxc5 Qxd1+ 11. Kxd1 Bxc3 12. bxc3 Na4 13. Nd4 Bg4+ 14. Kc2 0-0 15. Nb3 Nd7 16. Bd4 Rac8 17. c6 Bf5+ 18. Bd3 Bxd3+ 19. Kxd3 Rxc6 20. Rab1 Rd8 21. Kc2 b6 22. Nd2 Nac5 23. Rhe1 Nb7 24. Re4 Na5 25. Rb4 Rc7 26. g4 Nb8 27. Be3 Nac6 28. Ra4 Nd7 29. Nf3 Rdc8 30. g5 Ne7 31. Rb4 Nc6 32. Ra4 Nd8 33. Rb4 Nb7 34. Nd2 Nbc5 35. Bxc5 Rxc5 36. Nf3 a5 37. Ra4 R5c7 38. Rd4 Nc5 39. Ra3 Kf8 40. Nd2 Nd7 41. Nf3 Ke7 42. Ra4 Nc5 43. Ra3 Rd8 44. Nd2 Rcd7 45. Nf3 f6 46. gxf6+ gxf6 47. exf6+ Kxf6 48. Rf4+ Kg7 49. Rg4+ Kh8 50. Rd4 Rf8 51. Ng5 Rg7 52. h4 h6 53. Ne4 Rg2+ 54. Nd2 Rff2 55. Kc1 Rxd2 56. Rxd2 Rxd2 57. Kxd2 a4 58. Ke3 Kg7 59. Kf4 Kf6 60. Kf3 Kf5 61. Ke3 e5 62. Kf3 e4+ 63. Kg3 h5 64. Kf2 Kf4 65. Ke2 e3 0-1

[Event "Wch U10"]
[Site "Montesilvano"]
[Date "2024.11.20"]
[Round "6"]
[White "Kalinichenko, German Yu"]
[Black "Akramov, Khusan"]
[Result "0-1"]
[WhiteElo "1621"]
[BlackElo "1782"]
[PlyCount "66"]
[EventDate "2024.11.15"]
[EventType "swiss"]
[EventRounds "11"]
[EventCountry "ITA"]
[SourceTitle "CB48_2024"]
[SourceDate "2024.11.28"]
[SourceVersion "1"]
[SourceVersionDate "2024.11.28"]
[SourceQuality "1"]

1. d4 Nf6 2. Nc3 d5 3. e4 dxe4 4. f3 Bf5 5. fxe4 Bxe4 6. Nxe4 Nxe4 7. Bd3 Nf6 8. Nf3 g6 9. Bg5 Bg7 10. Qd2 h6 11. Bf4 Nbd7 12. 0-0-0 Nd5 13. Rdf1 Nxf4 14. Qxf4 0-0 15. h4 h5 16. Ne5 Nxe5 17. dxe5 Qd5 18. Bc4 Qxe5 19. Bxf7+ Kh7 20. Qxe5 Bxe5 21. g4 hxg4 22. h5 g5 23. Bg6+ Kh6 24. Rhg1 Rxf1+ 25. Rxf1 Bf4+ 26. Kb1 Rd8 27. b3 g3 28. Rg1 Rd2 29. a4 Be5 30. Be4 Bd4 31. Kc1 Re2 32. Bf3 Bxg1 33. Bxe2 Be3+ 0-1

[Event "GEO World Cup Final U10"]
[Site "Batumi"]
[Date "2024.07.02"]
[Round "4"]
[White "Hummatov, Safa"]
[Black "Akramov, Khusan"]
[Result "1/2-1/2"]
[WhiteElo "1741"]
[BlackElo "1525"]
[PlyCount "87"]
[EventDate "2024.07.01"]
[EventType "match"]
[EventRounds "5"]
[EventCountry "GEO"]
[SourceTitle "EXT 2025"]
[Source "ChessBase"]
[SourceDate "2024.10.14"]
[SourceVersion "1"]
[SourceVersionDate "2024.10.14"]
[SourceQuality "1"]

1. e4 c5 2. Nf3 Nc6 3. d4 cxd4 4. Nxd4 Qb6 5. Nxc6 bxc6 6. Nc3 e5 7. Bc4 Nf6 8. 0-0 Be7 9. Re1 0-0 10. Bb3 Rd8 11. Be3 Qa5 12. Qd2 Bb7 13. Nd5 Qxd2 14. Nxe7+ Kf8 15. Bxd2 Kxe7 16. Rad1 a5 17. a4 d6 18. f3 Nd7 19. Be3 c5 20. Bd5 Bxd5 21. exd5 h6 22. g4 Kf8 23. h4 f5 24. gxf5 Rdb8 25. b3 Rb4 26. f4 Rb7 27. Kf2 Re8 28. Bd2 c4 29. Re3 cxb3 30. Rxb3 Rc7 31. Rc3 Nc5 32. Kg2 Rce7 33. Re1 Nxa4 34. Rc4 Nb6 35. Rc6 Nxd5 36. Rxd6 Nxf4+ 37. Bxf4 exf4 38. Rxe7 Kxe7 39. Ra6 Rc8 40. Rxa5 Rxc2+ 41. Kf3 Rc4 42. Ra6 Kf7 43. Re6 Ra4 44. Re4 1/2-1/2

[Event "Wch U08"]
[Site "Batumi"]
[Date "2022.09.25"]
[Round "9"]
[White "Akramov, Khusan"]
[Black "Ejsymont, Eryk"]
[Result "1/2-1/2"]
[WhiteElo "1037"]
[BlackElo "1259"]
[PlyCount "35"]
[EventDate "2022.09.16"]
[EventType "swiss"]
[EventRounds "11"]
[EventCountry "GEO"]
[SourceTitle "EXT 2023"]
[Source "ChessBase"]
[SourceDate "2022.10.05"]
[SourceVersion "1"]
[SourceVersionDate "2022.10.05"]
[SourceQuality "1"]

1. e4 c5 2. Nf3 e6 3. d4 cxd4 4. Nxd4 Nf6 5. Nc3 Nc6 6. Ndb5 Bb4 7. a3 Bxc3+ 8. Nxc3 d5 9. exd5 Nxd5 10. Nxd5 Qxd5 11. Qxd5 exd5 12. Bd3 0-0 13. Bd2 Re8+ 14. Kd1 Ne5 15. Re1 Bg4+ 16. f3 Nxd3 17. Rxe8+ Rxe8 18. cxd3 1/2-1/2

[Event "Wch U08"]
[Site "Batumi"]
[Date "2022.09.19"]
[Round "4"]
[White "Eshpulatov, Islombek"]
[Black "Akramov, Khusan"]
[Result "1-0"]
[WhiteElo "1274"]
[BlackElo "1037"]
[PlyCount "27"]
[EventDate "2022.09.16"]
[EventType "swiss"]
[EventRounds "11"]
[EventCountry "GEO"]
[SourceTitle "EXT 2023"]
[Source "ChessBase"]
[SourceDate "2022.10.05"]
[SourceVersion "1"]
[SourceVersionDate "2022.10.05"]
[SourceQuality "1"]

1. e4 e5 2. Nc3 Nf6 3. f4 d5 4. fxe5 Nxe4 5. Qf3 f5 6. exf6 Nxf6 7. d4 Bb4 8. Bg5 0-0 9. Nge2 Qd6 10. h3 Ne4 11. Bf4 Qc6 12. h4 Bxc3+ 13. Nxc3 Nxc3 14. bxc3 1-0